[Event "KIA on May Day 2013"]
[Site "SchemingMind.com"]
[Date "2014.05.06"]
[Round "-"]
[White "Andoni Zabala"]
[Black "reo"]
[Result "1-0"]
[WhiteCountry "INT"]
[BlackCountry "THA"]
[WhiteElo "1901"]
[WhiteRD "98"]
[BlackElo "1802"]
[BlackRD "91"]
[GameID "358004"]

1. Nf3 d5 2. g3 c6 3. Bg2 Bf5 4. O-O Nf6 5. d3 h6 6. Nbd2 e6 7. Re1 Bc5 8. c3 O-O 9. b4 Bb6 10. h3 g5
11. Bb2 Qd6 12. c4 Qe7 13. c5 Bc7 14. Nh2 Nbd7 15. e4 Bg6 16. Ng4 Nxg4 17. Qxg4 Ne5 18. Qe2 a5 19. d4 Nd7 20. exd5 cxd5
21. Bxd5 Rab8 22. a3 Nf6 23. Bb3 Rbd8 24. d5 Nxd5 25. Nc4 axb4 26. Ne5 Bxe5 27. Qxe5 f6 28. Qxe6+ Qxe6 29. Rxe6 Kg7 30. Bxd5 Rxd5
31. axb4 Rf7 32. Ra7 Bf5 33. Rxf6 Rxf6 34. Rxb7+ Kg6 35. Bxf6 Kxf6 36. Rb6+ Kg7 37. g4 Bd3 38. f3 Bg6 39. Kf2 h5 40. Ke3 Rd3+
41. Ke2 hxg4 42. hxg4 Rb3 43. Rb7+ Kf6 44. c6 Rc3 45. b5 Ke6 46. c7 Kd7 47. b6 Bd3+ 48. Kd2 Ba6 49. Ra7 Ra3 50. Ra8
1-0

[Event "KIA on May Day 2013"]
[Site "SchemingMind.com"]
[Date "2014.05.06"]
[Round "-"]
[White "reo"]
[Black "Andoni Zabala"]
[Result "0-1"]
[WhiteCountry "THA"]
[BlackCountry "INT"]
[WhiteElo "1805"]
[WhiteRD "86"]
[BlackElo "1882"]
[BlackRD "91"]
[GameID "358005"]

1. Nf3 d5 2. g3 Nf6 3. Bg2 c6 4. d4 Bf5 5. O-O e6 6. Nbd2 Nbd7 7. c4 Be7 8. c5 O-O 9. b4 Ne4 10. a4 Ndf6
11. Bb2 b6 12. Ne5 Qc7 13. f3 Nxd2 14. Qxd2 bxc5 15. bxc5 Nd7 16. Nxd7 Qxd7 17. Rfb1 Bxb1 18. Rxb1 Rfb8 19. e3 a5 20. Bf1 Rb4
21. Qc2 Rab8 22. Bd3 g6 23. Qc1 Qb7
0-1